| 000 | 01123cam a2200229 a 4500 | ||
|---|---|---|---|
| 040 | _cDJB | ||
| 082 | _a338 BRU 1997 A089 Or. | ||
| 100 | 1 | _aHaan, Cees de, | |
| 245 | 1 | 0 |
_aLivestock & the environment : _bfinding a balance / |
| 246 | 3 | _aLivestock and the environment | |
| 260 |
_a[Brussels? Belgium] : _bEuropean Commission Directorate-General for Development, Development Policy Sustainable Development and Natural Resources, _c[1997] |
||
| 300 |
_a115 p. : _bill. ; _c30 cm. |
||
| 500 | _a"Report of a study sponsored by the Commission of the European Communities, the World Bank and the governments of Denmark, France, Germany, the Netherlands, United Kingdom and United States of America. The study was coordinated by the Food and Agriculture Organization of the United Nations, the United States Agency for International Development and the World Bank"--Cover. | ||
| 650 | 0 | _aLivestock | |
| 650 | 0 | _aLivestock systems | |
| 650 | 0 | _aAnimal industry | |
| 700 | 1 | _aSteinfeld, Henning. | |
| 700 | 1 | _aBlackburn, H. D. | |
| 710 | 2 | _aCommission of the European Communities. | |
| 710 | 2 | _aWorld Bank. | |
| 942 | _cEK | ||
| 999 |
_c16119 _d16119 |
||